000
00173 a2200097 4500
020
_a
5026
041
_a
spa
100
_a
Avalos, Cecilia
245
_a
Mi Abuelita
942
_c
BK
999
_c
4888
_d
4888